[Event "Florianopolis op 9th"]
[Site "Florianopolis"]
[Date "2023.01.24"]
[Round "3"]
[White "Lima, Stefan Moisei Vieir"]
[Black "Dos Santos, Lucas Carvalho Ribe"]
[Result "1/2-1/2"]
[WhiteElo "1991"]
[BlackElo "1619"]
[PlyCount "55"]
[EventDate "2023.01.23"]
[EventType "swiss"]
[EventRounds "10"]
[EventCountry "BRA"]
[SourceTitle "CBM 212 Extra"]
[Source "ChessBase"]
[SourceDate "2023.03.31"]
[SourceVersion "1"]
[SourceVersionDate "2023.03.31"]
[SourceQuality "1"]

1. d4 Nf6 2. c4 g6 3. Nc3 Bg7 4. e4 d6 5. Be2 0-0 6. Nf3 Nbd7 7. 0-0 e5 8. Re1 h6 9. Bf1 Re8 10. d5 Nf8 11. h3 N6h7 12. Be3 f5 13. b4 f4 14. Bd2 g5 15. Nh2 Nf6 16. Be2 Qe7 17. Rc1 Qf7 18. Ng4 N8h7 19. c5 h5 20. Nh2 Qg6 21. f3 g4 22. hxg4 hxg4 23. Nxg4 Nxg4 24. fxg4 Nf6 25. Bf3 Nxg4 26. Nb5 Qh5 27. Nxc7 Qh4 28. Nxe8 1/2-1/2

[Event "Florianopolis op 8th"]
[Site "Florianopolis"]
[Date "2022.01.27"]
[Round "6"]
[White "Dos Santos, Lucas Carvalho Ribe"]
[Black "De Freitas, Isabella Ribeiro Co"]
[Result "0-1"]
[WhiteElo "1542"]
[BlackElo "1860"]
[PlyCount "160"]
[EventDate "2022.01.24"]
[EventType "swiss"]
[EventRounds "10"]
[EventCountry "BRA"]
[SourceTitle "CBM 206 Extra"]
[Source "ChessBase"]
[SourceDate "2022.03.31"]
[SourceVersion "1"]
[SourceVersionDate "2022.03.31"]
[SourceQuality "1"]

1. e4 c5 2. Nf3 e6 3. d4 cxd4 4. Nxd4 a6 5. Nc3 Qc7 6. a3 Nf6 7. Be2 Be7 8. 0-0 d6 9. Bg5 b5 10. f4 Bb7 11. Qd3 Nbd7 12. Bf3 h6 13. Bh4 Nc5 14. Qe2 Nfxe4 15. Nxe4 Bxh4 16. Nxc5 Qxc5 17. Bxb7 Qxd4+ 18. Kh1 Ra7 19. Bc6+ Kf8 20. f5 e5 21. Rad1 Qc5 22. Qe4 Be7 23. Rf3 Rc7 24. Rc3 Qb6 25. Qf3 h5 26. Be4 h4 27. Rdd3 h3 28. Rxc7 hxg2+ 29. Kxg2 Qxc7 30. Rc3 Qa5 31. Rc8+ Bd8 32. b4 Qb6 33. f6 d5 34. fxg7+ Kxg7 35. Bxd5 Qg6+ 36. Qg3 Bg5 37. Rxh8 Kxh8 38. Bxf7 Qxc2+ 39. Kh3 Qh7+ 40. Kg4 Bf4 41. Qh4 Qxh4+ 42. Kxh4 Bc1 43. a4 bxa4 44. Kg4 Kg7 45. Bc4 a3 46. Kf5 Bb2 47. h3 Kh6 48. Ke4 Bc3 49. Ba2 Kh5 50. Bc4 Kh4 51. Be6 Kg3 52. Ke3 Bxb4 53. Ke4 Bc3 54. Ke3 a5 55. Ke4 Bd4 56. Kd3 Kf4 57. Bf7 Kg3 58. Be6 a2 59. Bxa2 Kxh3 60. Bb3 Kg3 61. Ke4 Kf2 62. Ba4 Ke2 63. Bb5+ Kd2 64. Ba4 Kc3 65. Bd7 Kb4 66. Kd3 a4 67. Be6 a3 68. Ba2 Bb2 69. Bd5 Kc5 70. Ba2 Kd6 71. Ke4 Ke7 72. Kf5 Bd4 73. Bb3 Kf8 74. Ke4 Kg7 75. Kf5 Kh6 76. Bf7 Bb2 77. Bd5 Kh5 78. Ke4 Kg4 79. Ke3 Kg3 80. Ke4 Bd4 0-1

[Event "Taubate op"]
[Site "Taubate"]
[Date "2020.11.01"]
[Round "3"]
[White "Deus Filho, Joaquim"]
[Black "Dos Santos, Lucas Carvalho Ribe"]
[Result "1-0"]
[WhiteElo "1899"]
[BlackElo "1542"]
[PlyCount "41"]
[EventDate "2020.10.31"]
[EventType "swiss"]
[EventRounds "6"]
[EventCountry "BRA"]
[SourceTitle "CBM 199 Extra"]
[Source "ChessBase"]
[SourceDate "2021.01.31"]
[SourceVersion "1"]
[SourceVersionDate "2021.01.31"]
[SourceQuality "1"]

1. e4 e5 2. Nf3 Nc6 3. Bb5 a6 4. Ba4 Nf6 5. 0-0 b5 6. Bb3 Be7 7. c3 d6 8. h3 0-0 9. Re1 Bb7 10. d4 h6 11. Nbd2 Nb8 12. dxe5 dxe5 13. Nxe5 Nbd7 14. Nxf7 Qb8 15. Nxh6+ Kh7 16. Nf5 Bc5 17. e5 Bxf2+ 18. Kxf2 Ne4+ 19. Nxe4 Rxf5+ 20. Kg1 Nxe5 21. Ng5+ 1-0

[Event "Taubate op"]
[Site "Taubate"]
[Date "2020.10.31"]
[Round "1"]
[White "Campelo, Leandro Fabricio"]
[Black "Dos Santos, Lucas Carvalho Ribe"]
[Result "1-0"]
[WhiteElo "2154"]
[BlackElo "1542"]
[PlyCount "43"]
[EventDate "2020.10.31"]
[EventType "swiss"]
[EventRounds "6"]
[EventCountry "BRA"]
[SourceTitle "CBM 199 Extra"]
[Source "ChessBase"]
[SourceDate "2021.01.31"]
[SourceVersion "1"]
[SourceVersionDate "2021.01.31"]
[SourceQuality "1"]

1. e4 e6 2. d4 d5 3. Nc3 Nf6 4. Bg5 Be7 5. e5 Nfd7 6. Bxe7 Qxe7 7. f4 c5 8. Nb5 0-0 9. Nc7 Nxe5 10. Nxa8 Ng6 11. Qd2 cxd4 12. Nf3 f6 13. Bd3 Nxf4 14. Qxf4 e5 15. Qd2 e4 16. 0-0 exd3 17. Qxd3 Nc6 18. Nxd4 Bg4 19. Nxc6 bxc6 20. Qg3 Bh5 21. Nc7 Rf7 22. Rae1 1-0

[Event "Sao Paulo op-C U1700 8th"]
[Site "Sao Paulo"]
[Date "2019.10.20"]
[Round "5"]
[White "Dos Santos, Lucas Carvalho Ribe"]
[Black "Narimatsu, Fabio Carramao"]
[Result "0-1"]
[WhiteElo "1553"]
[BlackElo "1430"]
[PlyCount "142"]
[EventDate "2019.10.17"]
[EventType "swiss"]
[EventRounds "6"]
[EventCountry "BRA"]
[SourceTitle "CBM 192 Extra"]
[Source "Chessbase"]
[SourceDate "2019.11.06"]
[SourceVersion "1"]
[SourceVersionDate "2019.11.06"]
[SourceQuality "1"]

1. e4 e6 2. d4 d5 3. e5 c5 4. c3 Nc6 5. Nf3 Qb6 6. Bd3 Bd7 7. Be2 cxd4 8. cxd4 Nh6 9. Bxh6 Qxb2 10. Bxg7 Bxg7 11. Nbd2 Nxd4 12. Nxd4 Qxd4 13. Nf3 Qc3+ 14. Kf1 Rc8 15. g3 0-0 16. Kg2 Qc2 17. Bd3 Qxd1 18. Rhxd1 Bh6 19. Nd4 Rc7 20. f4 Rfc8 21. Rab1 a6 22. Rb2 Ba4 23. Rdd2 Bf8 24. Nb3 Bb4 25. Rf2 Ba3 26. Rbc2 Bb5 27. Rxc7 Rxc7 28. Bxb5 axb5 29. Nd4 b4 30. Rc2 Rc4 31. Rd2 Bc1 32. Rd3 Rc3 33. Rxc3 bxc3 34. Kf3 Kf8 35. Ke2 Ke7 36. Kf3 Bb2 37. g4 f6 38. h4 fxe5 39. fxe5 c2 40. Nxc2 Bxe5 41. Ne1 Bd6 42. Nd3 e5 43. Ne1 e4+ 44. Ke3 Ke6 45. Kd4 Bg3 46. Ng2 Bf2+ 47. Kc3 Ke5 48. Kd2 d4 49. Ke2 Bg3 50. a4 Kd5 51. a5 Kc4 52. g5 Kc3 53. h5 Kc2 54. Ne3+ Kc1 55. Nc4 Bf4 56. g6 hxg6 57. hxg6 d3+ 58. Kf2 Bh6 59. Kg3 d2 60. Ne3 d1Q 61. Nxd1 Kxd1 62. g7 Bxg7 63. Kf4 Bc3 64. Kxe4 Bxa5 65. Kd4 Kd2 66. Kc4 Bc7 67. Kb3 Kd3 68. Kb2 Kc4 69. Kc2 Be5 70. Kb1 Kb3 71. Kc1 b5 0-1